المدخل الاسلامى للطب / (Record no. 6227)
[ view plain ]
| 000 -الفاتح | |
|---|---|
| حقل البيانات ثابتة الطول | 01058nac a22002171u 4500 |
| 008 - عناصر البيانات ثابتة الطول - معلومات عامة | |
| حقل البيانات ثابتة الطول | 101020s1987 xxu||||| |||| 00| 0 ara d |
| 082 ## - رقم تصنيف ديوى العشرى | |
| رقم التصنيف | 241.61 |
| رقم المادة | ص ي ا |
| 100 1# - المدخل الرئيسى - إسم شخصى | |
| الإسم الشخصى | الصياد ، ابراهيم عبد الحميد |
| 9 (RLIN) | 20524 |
| 110 ## - المدخل الرئيسى - إسم هيئة | |
| اسم الهيئة أو اسم السلطة كمدخل | Mogama Al Bohoth Al Islameya |
| 9 (RLIN) | 20529 |
| 245 ## - بيان العنوان | |
| العنوان | المدخل الاسلامى للطب / |
| بيان المسئوليه,etc | ابراهيم عبد الحميد الصياد |
| 260 ## - PUBLICATION, DISTRIBUTION, ETC. (IMPRINT) | |
| مكان الناشر او الموزع | القاهرة : |
| اسم الناشر او الموزع | مجمع البحوث الإسلامية،1987 |
| تاريخ النشر أو التوزيع | 1987. |
| 300 ## - الوصف المادى | |
| التعداد | 247 ص ؛ |
| أبعاد الوعاء | 18 سم. |
| 490 ## - بيان السلسلة | |
| -- | 20526 |
| عنوان السلسلة | سلسلة البحوث الاسلامية |
| 504 ## - تبصرة ببليوجرافية | |
| تبصرة ببليوجرافية,الخ | يشتمل على ببليوجرافية ص 238-242 |
| 511 ## - | |
| -- | Catalogued by: Sara |
| 541 ## - تبصرة المصدر المباشر للتزويد | |
| مصدر التزويد | إهداء ؛ |
| طريقة التزويد | مكتبة الإسكندرية ؛ |
| 650 ## - المدخل الاضافى بالموضوع-مصطلح موضوعى | |
| مصطلح موضوعي أو اسم جغرافي كعنصر مدخل | الإسلام والطب |
| 9 (RLIN) | 17200 |
| 710 ## - المدخل الاضافى - اسم هيئه | |
| اسم الهيئة أو اسم السلطة كمدخل | Mogama Al Bohoth Al Islameya |
| 9 (RLIN) | 20530 |
| 942 ## - عناصر المدخل الإضافي( كوها) | |
| Koha [default] item type | Book - Borrowing |
| سابقة رقم الطلب | 241.61 ص ي ا |
| مصدر التصنيف او مخطط الترفيف | Dewey Decimal Classification |
| حالة التراجع | حالة الفقد | مصدر التصنيف او خطة الترفيف | حالة تلف | ليس للاعارة | مجموعات كوها | المكان الدائم | المكان الحالي | موقع الترفيف | تاريخ الاكتساب | رقم الاستدعاء | الباركود | Date last seen | نوع الوعاء |
|---|---|---|---|---|---|---|---|---|---|---|---|---|---|
| Dewey Decimal Classification | Donation-Gift | Central Library | Central Library | Lower Floor | 18/11/2007 | 241.61 ص ي ا | 000007806 | 15/07/2025 | Book - Borrowing |